000 00354nam a2200133Ia 4500
005 20260326100027.0
008 260326s9999||||xx |||||||||||||| ||und||
100 _ade Souza Reis, José
245 0 _aArquitetura Oficial I /
_cJosé de Souza Reis
260 _bUniversidad de Sao Paulo
300 _a253 p.
650 _aARQUITECTURA REGIONAL
942 _cBK
999 _c6459
_d6459